Fluid power with applications / (Record no. 10954)
[ view plain ]
| 000 -LEADER | |
|---|---|
| fixed length control field | 01591cam a22002895a 4500 |
| 001 - CONTROL NUMBER | |
| control field | 15209969 |
| 005 - DATE AND TIME OF LATEST TRANSACTION | |
| control field | 20160811130633.0 |
| 007 - PHYSICAL DESCRIPTION FIXED FIELD--GENERAL INFORMATION | |
| fixed length control field | co |g||||||||| |
| 008 - FIXED-LENGTH DATA ELEMENTS--GENERAL INFORMATION | |
| fixed length control field | 080307s2009 njua fr 001 0 eng d |
| 010 ## - LIBRARY OF CONGRESS CONTROL NUMBER | |
| LC control number | 2008010859 |
| 020 ## - INTERNATIONAL STANDARD BOOK NUMBER | |
| International Standard Book Number | 9781780867205 |
| 035 ## - SYSTEM CONTROL NUMBER | |
| System control number | (OCoLC)ocn213375862 |
| 035 ## - SYSTEM CONTROL NUMBER | |
| System control number | (OCoLC)213375862 |
| 040 ## - CATALOGING SOURCE | |
| Original cataloging agency | DLC |
| Transcribing agency | DLC |
| Modifying agency | EG-ScBUE |
| 082 04 - DEWEY DECIMAL CLASSIFICATION NUMBER | |
| Edition number | 22 |
| Classification number | 620.106 |
| Item number | ESP |
| 100 1# - MAIN ENTRY--PERSONAL NAME | |
| Personal name | Esposito, Anthony, |
| Dates associated with a name | 1934- |
| 9 (RLIN) | 40737 |
| 245 10 - TITLE STATEMENT | |
| Title | Fluid power with applications / |
| Statement of responsibility, etc | Anthony Esposito. |
| 250 ## - EDITION STATEMENT | |
| Edition statement | 7th ed., Pearson international ed. |
| 260 ## - PUBLICATION, DISTRIBUTION, ETC. (IMPRINT) | |
| Place of publication, distribution, etc | Upper Saddle River, New Jersey : |
| Name of publisher, distributor, etc | Pearson Prentice Hall, |
| Date of publication, distribution, etc | c.2009. |
| 300 ## - PHYSICAL DESCRIPTION | |
| Extent | xvii, 654 p. : |
| Other physical details | ill. ; |
| Dimensions | 25 cm. + |
| Accompanying material | 1 CD-ROM (4 3/4 in.) |
| 500 ## - GENERAL NOTE | |
| General note | Index : p. 647-654. |
| 505 0# - FORMATTED CONTENTS NOTE | |
| Formatted contents note | Introduction to fluid power -- Physical properties of hydraulic fluids -- Energy and power in hydraulic systems -- Frictional losses in hydraulic pipelines -- Hydraulic pumps -- Hydraulic cylinders and cushioning devices -- Hydraulic motors -- Hydraulic valves -- Hydraulic circuit design and analysis -- Hydraulic conductors and fittings -- Ancillary hydraulic devices -- Maintenance of hydraulic systems -- Pneumatics : air preparation and components -- Pneumatics : circuits and applications -- Basic electrical controls for fluid power circuits -- Fluid logic control systems -- Advanced electrical controls for fluid power systems -- Automation studio computer software. |
| 650 #7 - SUBJECT ADDED ENTRY--TOPICAL TERM | |
| Topical term or geographic name as entry element | Fluid power technology. |
| Source of heading or term | BUEsh |
| 9 (RLIN) | 40738 |
| 651 ## - SUBJECT ADDED ENTRY--GEOGRAPHIC NAME | |
| Source of heading or term | BUEsh |
| 653 ## - INDEX TERM--UNCONTROLLED | |
| Resource For college | Engineering, General |
| Arrived date list | August 2016 |
| 942 ## - ADDED ENTRY ELEMENTS (KOHA) | |
| Source of classification or shelving scheme | Dewey Decimal Classification |
| Item type | Book - Borrowing |
| Edition | 22 |
| Call number prefix | 620.106 ESP |
| Withdrawn status | Item status | Source of classification or shelving scheme | Damaged status | Not for loan | Vendor | Home library | Current library | Shelving location | Date acquired | Source of acquisition | Cost, normal purchase price | Serial Enumeration / chronology | Total Checkouts | Total Renewals | Full call number | Barcode | Date last seen | Date last borrowed | Koha item type | Cost, replacement price |
|---|---|---|---|---|---|---|---|---|---|---|---|---|---|---|---|---|---|---|---|---|
| Dewey Decimal Classification | Baccah | Central Library | Central Library | First floor | 25/02/2009 | 224.00 | 7117 | 6 | 41 | 620.106 ESP | 000014871 | 15/07/2025 | 04/12/2014 | Book - Borrowing | ||||||
| Dewey Decimal Classification | Baccah | Central Library | Central Library | First floor | 22/03/2009 | 7117 | 1 | 6 | 620.106 ESP | 000015476 | 24/08/2022 | 15/12/2014 | CD | DVD - With book | |||||||
| Dewey Decimal Classification | Baccah | Central Library | Central Library | First floor | 11/08/2016 | Purchase | 456.00 | 25843 | 3 | 6 | 620.106 ESP | 000033204 | 25/10/2025 | 18/11/2023 | Book - Borrowing | 570.00 |